00278nam a2200121Ia 4500008004100000100001200041245001700053260003400070300000900104650001900113942000700132999001700139190216s9999||||xx |||||||||||||| ||und|| aRajan C 0aWinged Words bThe Macmillan Press Ltdc1971 a125p aEnglish Poetry cBK c12534d12534